000 00421nam a2200169Ia 4500
001 28368
003 IN-NITTTR
005 20251114233351.0
008 251113s9999||||xx |||||||||||||| ||eng||
040 _beng
040 _cIN-NITTTR
041 _aeng
082 _a621.3192 P134F
100 _aPadiyar, K. R.
245 0 _aFACTS controllers in power transmission and distribution /
_cPadiyar, K. R.
942 _2ddc
_cBK
999 _c30996
_d30996